• 首页
  • 本馆介绍
  • 公告通知
  • 最新文献
  • 馆藏检索
  • 电子资源
  • 读者导购
  • 参考咨询
  • 我的图书馆
  • 登录
  • 详细信息显示
  • 放入我的书架
  • 预约/预借图书
  • 作者相关作品
  • 分类相关作品
  • 丛书相关作品
  • 出版社相关作品

书目信息

  • 表格格式
  • 工作单格式
  • 卡片格式
题名:
幼儿科学小实验
    
 
作者: 王金娥 主编
分册:   物理分册
出版信息: 上海   复旦大学出版社  2020.09
页数: 144页
开本: 30cm
丛书名:
单 册:
中图分类: N33
科图分类:
主题词: 科学实验--学前教育--教材 , 物理学--实验--学前教育--教材
电子资源:
ISBN: 978-7-309-11055-5
000 00994nam0 2200253 450
001 0102100448
005 20210402100826.0
010    @a978-7-309-11055-5@dCNY25.00
100    @a20150205d2020 em y0chiy50 ea
101 0  @achi
102    @aCN@b310000
105    @aa z 000yy
106    @ar
200 1  @a幼儿科学小实验@Ayou er ke xue xiao shi yan@i物理分册@f王金娥主编
210    @a上海@c复旦大学出版社@d2020.09
215    @a144页@c图@d30cm
300    @a全国学前教育专业(新课程标准)“十二五”规划教材
330    @a本书在实验前介绍了与实验相关的基本知识,而且每个实验由试一试、试验目标、试验准备、试验过程、探索空间、试验延伸和科学宝典组成,突出了趣味性,利用幼儿语言结合实验用具,充分引导启发幼儿进行科学探索和发现,培养他们敢于动手、积极思考、善于观察、勇敢表述的能力。
606 0  @a科学实验@x学前教育@j教材
606 0  @a物理学@x实验@x学前教育@j教材
690    @aN33@v5
701  0 @a王金娥@Awang jin e@4主编
801  0 @aCN@bBJSZM@c20210402
905    @b1280298-302@dN33@e158@f5
    
    幼儿科学小实验.物理分册/王金娥主编.-上海:复旦大学出版社,2020.09
    144页:图;30cm
    全国学前教育专业(新课程标准)“十二五”规划教材
    
    ISBN 978-7-309-11055-5:CNY25.00
    本书在实验前介绍了与实验相关的基本知识,而且每个实验由试一试、试验目标、试验准备、试验过程、探索空间、试验延伸和科学宝典组成,突出了趣味性,利用幼儿语言结合实验用具,充分引导启发幼儿进行科学探索和发现,培养他们敢于动手、积极思考、善于观察、勇敢表述的能力。
●
相关链接 在E读中查询图书 在五车中查询图书 在当当中查询图书 在豆瓣中查询图书


正题名:幼儿科学小实验     索取号:N33/158         预约/预借

序号 登录号 条形码 馆藏地/架位号 状态 备注
1 1280298   212802984   第二样本阅览室/ [索取号:N33/158] 在馆    
2 1280299   212802993   教育系资料室/ [索取号:N33/158] 在馆    
3 1280300   212803000   教育系资料室/ [索取号:N33/158] 在馆    
4 1280301   212803019   第三借阅区/ [索取号:N33/158] 在馆    
5 1280302   212803028   第三借阅区/ [索取号:N33/158] 在馆    
唐山师范学院图书馆 欢迎您!
大连网信软件有限公司© 版权所有